Construction Act review (Record no. 77071)

MARC details
000 -LEADER
fixed length control field 01358cab a2200277 4500
001 - CONTROL NUMBER
control field ##L133535
008 - FIXED-LENGTH DATA ELEMENTS--GENERAL INFORMATION
fixed length control field 060517n2006 000 0 eng u
035 ## - SYSTEM CONTROL NUMBER
System control number (Sirsi) u133535
041 0# - LANGUAGE CODE
Language code of text/sound track or separate title eng
100 1# - MAIN ENTRY--PERSONAL NAME
Personal name Helps, Dominic
245 00 - TITLE STATEMENT
Title Construction Act review
260 ## - PUBLICATION, DISTRIBUTION, ETC.
Date of publication, distribution, etc. 2006
490 #0 - SERIES STATEMENT
Series statement Construction Law Journal
Volume/sequential designation (2006) 22 174-186(13)
520 ## - SUMMARY, ETC.
Summary, etc. A discussion of the analysis of the DTI consultation on proposals to amend he Housing Grants, Construction and Regeneration Act 1996 Part II and the Scheme for Construction Contracts (England and Wales) Regulations 1988, aimed at improving payment practices in the construction industry. Discusses the payment framework, other payment proposals, and adjudication proposals.
590 ## - LOCAL NOTE (RLIN)
Local note IKA230506
650 24 - SUBJECT ADDED ENTRY--TOPICAL TERM
Topical term or geographic name entry element HOUSING GRANTS, CONSTRUCTION AND REGENERATION ACT 1996 S110
650 24 - SUBJECT ADDED ENTRY--TOPICAL TERM
Topical term or geographic name entry element HOUSING GRANTS, CONSTRUCTION AND REGENERATION ACT 1996 S111
650 24 - SUBJECT ADDED ENTRY--TOPICAL TERM
Topical term or geographic name entry element HOUSING GRANTS, CONSTRUCTION AND REGENERATION ACT 1996 S112
650 24 - SUBJECT ADDED ENTRY--TOPICAL TERM
Topical term or geographic name entry element HOUSING GRANTS, CONSTRUCTION AND REGENERATION ACT 1996 S107
650 24 - SUBJECT ADDED ENTRY--TOPICAL TERM
Topical term or geographic name entry element LATHAM REFORMS
650 24 - SUBJECT ADDED ENTRY--TOPICAL TERM
Topical term or geographic name entry element SCHEME FOR CONSTRUCTION CONTRACTS (ENGLAND AND WALES) REGULATIONS 1998
651 #4 - SUBJECT ADDED ENTRY--GEOGRAPHIC NAME
Geographic name England and Wales
Chronological subdivision 1543-
690 ## - LOCAL SUBJECT ADDED ENTRY--TOPICAL TERM (OCLC, RLIN)
Topical term or geographic name as entry element BUILT ENVIRONMENT-CONSTRUCTION MANAGEMENT-BUILDING CONTRACT ADMINISTRATION
700 1# - ADDED ENTRY--PERSONAL NAME
Personal name Sheridan, Peter
942 ## - ADDED ENTRY ELEMENTS (KOHA)
Suppress in OPAC 0
Holdings
Withdrawn status Lost status Source of classification or shelving scheme Damaged status Not for loan Home library Current library Shelving location Date acquired Total Checkouts Full call number Barcode Date last seen Copy number Price effective from Koha item type
    Dewey Decimal Classification     London London Journal article 17/05/2006   L133535 133535-1001 06/08/2019 1 06/08/2019 Journal article